LEADER 01514nlm0 2200313 450 001 000029513 005 20141030113630.0 100 $a20130509d2011----km-y0itay50------ba 101 0 $aita 102 $aIT 105 $ay---m---001yy 200 1 $aAnalisi dell\2019efficienza del sistema giudiziario italiano$eun\2019applicazione con dati relativi ai Tribunali$brisorsa elettronica$ftesi di dottorato di: Francesco Ciniglio$gtutor: Maria Rosaria Carillo 210 $aNapoli$d2011 215 $a1 disco ottico (CD-ROM)$d12 cm 230 $aDati testuali (1 file: 1,9 Mb) 304 $aTit. dell'etichetta 314 $aCoordinatore: Giuseppe Freni 328 $aTesi di Dottorato di ricerca in Scienze Economiche. 2010-2011 (22. ciclo) : Università degli studi di Napoli "Parthenope". Dipartimento di Studi Economici 337 $aRequisiti minimi del sistema: Windows 500 10$aAnalisi dell\2019efficienza del sistema giudiziario italiano : un\2019applicazione con dati relativi ai Tribunali$940989 610 1 $aGiustizia$aItalia 676 $a347.45$v21$9Diritto processuale civile e tribunali civili 700 1$aCiniglio,$bFrancesco$0634274 712 02$aUniversità degli Studi di Napoli "Parthenope" 801 0$aIT$bUNIPARTHENOPE$c20130509$gRICA$2UNIMARC 912 $a000029513 951 $aTESI Dottorato CD-ROM/50$bs.i.$cNAVA1$d2013 996 $aAnalisi dell\2019efficienza del sistema giudiziario italiano : un\2019applicazione con dati relativi ai Tribunali$940989 997 $aUNIPARTHENOPE LEADER 01920nam0 22003733i 450 001 IEI0028235 005 20251003044156.0 100 $a19901009d1946 ||||0itac50 ba 101 | $aita$cita 102 $ait 181 1$6z01$ai $bxxxe 182 1$6z01$an 183 1$6z01$anc$2RDAcarrier 200 1 $aˆUn ‰anno di trattative sindacali$edagli accordi del dicembre 1945 alla tregua del 27 ottobre 1946$enote e documenti$fConfederazione generale dell'industria italiana 210 $aRoma$c[s.n.]$d1946$eRoma$gtipografia del Senato 215 $a209 p.$d25 cm 500 10$aˆUn ‰anno di trattative sindacali.$3MSE0083211$9CFIV001744$92961429 606 $aVertenze sindacali$xItalia$x1945-1946$2FIR$3LO1C957026$9I 676 $a331.89$9CONTRATTAZIONE COLLETTIVA E VERTENZE SINDACALI$v12 676 $a331.89$9CONTRATTAZIONE COLLETTIVA E VERTENZE SINDACALI$v23 676 $a331.890 945$9ECONOMIA DEL LAVORO. Sindacati, contrattazione e controversie collettive. Italia$v20 710 02$aConfindustria$3CFIV001744$4070$022508 791 02$aConfederazione generale dell'industria italiana$3CFIV001745$zConfindustria 791 02$aCGII$3LO1V333381$zConfindustria 791 02$aConfederazione generale dell'industria italiana$3CFIV001745$zConfindustria 791 02$aCGII$3LO1V333381$zConfindustria 801 3$aIT$bIT-000000$c19901009 850 $aIT-BN0095 901 $bNAP 01$cPOZZO LIB.$nVi sono collocati fondi di economia, periodici di ingegneria e scienze, periodici di economia e statistica e altri fondi comprendenti documenti di economia pervenuti in dono. 912 $aIEI0028235 950 0$aBiblioteca Centralizzata di Ateneo$c1 v.$d 01POZZO LIB.F. SANTI 132$e 0101 0060028285E VMA 1 v. (Precedente collocazione S 45)$fB $h20221104$i20221104 977 $a 01 996 $aAnno di trattative sindacali$92961429 997 $aUNISANNIO